[Event "ROM-ch U14"]
[Site "Baile Felix"]
[Date "2017.02.09"]
[Round "9"]
[White "Caba, Victor Paul"]
[Black "Cucoanes, Andrei"]
[Result "1-0"]
[WhiteElo "1627"]
[BlackElo "1350"]
[PlyCount "83"]
[EventDate "2017.02.02"]
[EventType "swiss"]
[EventRounds "9"]
[EventCountry "ROU"]
[SourceTitle "EXT 2018"]
[Source "ChessBase"]
[SourceDate "2017.10.13"]
[SourceVersion "1"]
[SourceVersionDate "2017.10.13"]
[SourceQuality "1"]

1. e4 e5 2. Nf3 Nc6 3. d4 exd4 4. Nxd4 Bc5 5. Be3 Qf6 6. c3 d6 7. Bc4 Nge7 8. f3 Ng6 9. Qd2 h6 10. Nxc6 Bxe3 11. Qxe3 bxc6 12. Nd2 0-0 13. 0-0 Re8 14. Nb3 Bd7 15. Qd2 Rad8 16. Nd4 Ne5 17. Bb3 c5 18. Ne2 c4 19. Bc2 c5 20. Rad1 Bc6 21. Nf4 Ng6 22. Nxg6 fxg6 23. Rfe1 Rd7 24. b3 Bb5 25. bxc4 Bc6 26. Bb3 a5 27. Qc2 Red8 28. Rd3 Qe5 29. Red1 Rf7 30. Ba4 Bb7 31. Bb5 g5 32. Qa4 g4 33. Bc6 Bc8 34. Qxa5 Rdf8 35. Bd5 Be6 36. Bxe6 Qxe6 37. Rxd6 Qxc4 38. Rd8 Rf6 39. a4 Ra6 40. Qb5 Rxa4 41. Qxc4+ Rxc4 42. e5 1-0

[Event "ROM-ch U14"]
[Site "Baile Felix"]
[Date "2017.02.04"]
[Round "3"]
[White "Juravle, Mihnea Marian"]
[Black "Caba, Victor Paul"]
[Result "1-0"]
[WhiteElo "1965"]
[BlackElo "1627"]
[PlyCount "101"]
[EventDate "2017.02.02"]
[EventType "swiss"]
[EventRounds "9"]
[EventCountry "ROU"]
[SourceTitle "CBM 176 Extra"]
[Source "ChessBase"]
[SourceDate "2017.03.02"]
[SourceVersion "1"]
[SourceVersionDate "2017.03.02"]
[SourceQuality "1"]

1. e4 e6 2. d4 d5 3. exd5 exd5 4. c4 Bb4+ 5. Nc3 Ne7 6. Nf3 Nbc6 7. a3 Bxc3+ 8. bxc3 0-0 9. Bd3 Bf5 10. cxd5 Qxd5 11. 0-0 Bxd3 12. Qxd3 Ng6 13. c4 Qd6 14. d5 Nce7 15. Bb2 Rad8 16. Qc3 f6 17. Nd4 Rfe8 18. Ne6 Rc8 19. Rad1 c6 20. c5 Qd7 21. Nxg7 Rf8 22. dxc6 Qxc6 23. Rd6 Qxc5 24. Qxc5 Rxc5 25. Ne6 Rd5 26. Rxd5 Nxd5 27. Nxf8 Kxf8 28. Rd1 Nge7 29. a4 Nb6 30. Bxf6 Nc6 31. Bd4 Nxa4 32. Be3 Ke8 33. Rd6 a5 34. Rh6 Nc3 35. Rxh7 b5 36. Rc7 Ne2+ 37. Kf1 Ned4 38. Bxd4 Nxd4 39. Ke1 a4 40. Ra7 Ne6 41. Kd2 Nc5 42. Kc3 Ne4+ 43. Kb4 Nxf2 44. Kxb5 Nd1 45. Rxa4 Nc3+ 46. Kb4 Nxa4 47. Kxa4 Kf7 48. Kb4 Kg6 49. Kc4 Kg5 50. Kd4 Kg4 51. Ke4 1-0